000 00921nam a22003137a 4500
003 CHAP
005 20220817041402.0
008 971013s1973 r 00010 d
010 _a12925
011 _a13897
035 _a17969
040 _cCHAP
082 _a633.2
_bH42 1973
100 0 0 _aHeath, Maurice E.
_953259
245 _aForages
_b: the science of grassland agriculture
250 _a3 ed.
260 _aAmes :
_bIowa State University,
_c1973
300 _a755 p.
_b: ilus.
590 _aBATCH-UPD
_b10
_c20130110
_lUCH01
_h0107
590 _aBATCH-UPD
_b10
_c20130110
_lUCH01
_h1815
590 _aCONVERSION
_b10
_c20130109
_lUCH01
_h1308
650 1 4 _aForrajes.
650 1 4 _aPlantas forrajeras.
_988943
700 0 _aBarnes, Robert F.
_910260
700 0 _aMetcalfe, Darrel S.
_975185
901 _aBK
942 _cLIBRO
949 _a633.2 H42 1973
_bBC
_cLIBRO
_d33724000213401
_eLIBRO
_h29970
_i17969
_si
999 _c12925
_d12925